000 01039nac a22002411u 4500
010 _a 91190471
020 _a0521383625
082 0 0 _a671.3
_bR8781
090 _c3847
_d3847
100 _a20080729
245 0 0 _aFinite-element plasticity and metalforming analysis /
_cG.W. Rowe ... [et al.].
260 _aCambridge [England] ;
_aNew York :
_bCambridge University Press,1991
_c1991.
300 _axxvi, 297 p. :
_bill. ;
_c25 cm.
504 _aIncludes bibliographical references (p. [246]-293) and index.
650 0 _aMetal-work
_xData processing.
650 0 _aFinite element method.
650 0 _aPlasticity
_xMathematical models.
700 1 _aRowe, Geoffrey W.
856 4 2 _3Publisher description
_uhttp://www.loc.gov/catdir/description/cam025/91190471.html
856 4 2 _3Table of contents
_uhttp://www.loc.gov/catdir/toc/cam029/91190471.html
942 _cBB
_k671.3R8781
999 _c3847
_d3847